header

HIV-1 envelope glycoproteins (Record no. 53692)

MARC details
000 -LEADER
fixed length control field 01036nam a2200265Ia 4500
100 1# - MAIN ENTRY--AUTHOR NAME
Personal name Sanders, Rogier Willem.
245 10 - TITLE STATEMENT
Title HIV-1 envelope glycoproteins
260 ## - PUBLICATION, DISTRIBUTION, ETC. (IMPRINT)
Place of publication Amsterdam :
Name of publisher Amsterdam University Press,
Year of publication 2004.
300 ## - PHYSICAL DESCRIPTION
Number of Pages 337 p.
650 #0 - SUBJECT ADDED ENTRY--TOPICAL TERM
Topical Term HIV (Viruses)
Topical Term Glycoproteins.
856 40 - ELECTRONIC LOCATION AND ACCESS
Uniform Resource Identifier http://site.ebrary.com/lib/rucke/Doc?id=10077309

No items available.

© 2026 Rongo University
Contact us: librarian | system librarian | Rongo university